Click the Lynyrd Skynyrd Song Title Ending - Statistics

General Stats
  • This quiz has been taken 76 times
  • The average score is 14 of 20
Answer Stats
Hint Answer % Correct
Sweet Home Alabama
98%
Don't Ask Me No Questions
94%
Free Bird
93%
Simple Man
93%
The Needle and the Spoon
81%
The Ballad of Curtis Loew
80%
Tuesday's Gone
76%
I Ain't the
One
76%
Edge of Forever
74%
On the Hunt
74%
Saturday Night Special
72%
Gimme Three Steps
72%
I Need You
63%
Gimme Back My Bullets
61%
That Smell
61%
Call Me the Breeze
57%
Poison Whiskey
57%
Swamp Music
48%
Mississippi Kid
35%
I Know a Little
28%
No matching quizzes found
Score Distribution
Percent of People with Each Score
Percentile by Number Answered
Your Score History
You have not taken this quiz